| 000 | 00594nam a22002057a 4500 | ||
|---|---|---|---|
| 003 | OSt | ||
| 005 | 20220107122901.0 | ||
| 008 | 211209b xxu||||| |||| 00| 0 eng d | ||
| 020 | _a9781484265154 | ||
| 040 | _cKUDSIT | ||
| 082 | _a004.1 KOM/Q | ||
| 100 |
_aKommadi, Bhagvan _918776 |
||
| 245 |
_aQuantum computing solutions: _bSolving real-world problems using quantum computing and algorithms |
||
| 260 |
_aNew York, _bApress, _c2020. |
||
| 300 | _axvii, 300p. | ||
| 650 |
_aCOMPUTER SCIENCE _918777 |
||
| 650 |
_aCOMPUTING _918778 |
||
| 650 |
_aQUANTUM COMPUTING _918779 |
||
| 942 |
_2ddc _cBK |
||
| 999 |
_c6875 _d6875 |
||